000
00290nam a22001217a 4500
020
_a
812722717X
082
_a
660.284
_b
PAN/PR
100
_a
Pandey,P.H
_9
997
245
_a
Principles of Agricultural Processing
260
_a
Ludhiana
_b
Kalyani Publishers
_c
1994
300
_a
325
942
_c
BK
999
_c
14580
_d
14580